Score 0/20 Timer 02:00
0 Plays Today
Clue 4-Letter Word % Correct
What happened before the presentPAST
91.6%
Portion of a wholePART
90.5%
🐾 Sound of feline content 🐾PURR
89.8%
🐾 A cat's number of lives 🐾NINE
87.3%
Unspoiled; unmixedPURE
84.1%
Color-deficientPALE
83.6%
Means of entrance or exitGATE
83.4%
Wind stormGALE
83.3%
🐾 A cat happily preys on these 🐾MICE
82.2%
Surname for an IncrediblePARR
81.1%
Clue 4-Letter Word % Correct
Pleasant and forthcomingNICE
80.7%
Strip a fruitPARE
80.1%
🐾 Spanish and Portuguese for cat 🐾GATO
79.1%
Hidden explosive deviceMINE
75%
Long, thick growth of hairMANE
62.3%
Flirtatious, impudent young womanMINX
59.1%
🐾 Tailless cat from British Island 🐾MANX
56.1%
Starting point; bottom supportBASE
51.3%
🐾 Egyptian cat goddess 🐾BAST
50.7%
Person or thing causing death or harmBANE
48.7%

Today's Daily Dose

Remove Ads.
Support Sporcle.
Get the best of Sporcle when you Go Orange. This ad-free experience offers more features, more stats, and more fun while also helping to support Sporcle. Thank you for becoming a member.

You're not logged in!

Compare scores with friends on all Sporcle quizzes.
OR
Log In

Show Comments

Extras

Top Quizzes Today


Score Distribution

Your Account Isn't Verified!

In order to create a playlist on Sporcle, you need to verify the email address you used during registration. Go to your Sporcle Settings to finish the process.

Report this User

Report this user for behavior that violates our Community Guidelines.

Details: